000 00613nam a2200241Ia 4500
003 OSt
005 20220918223145.0
006 a|||||r|||| 00| 0
007 ta
008 220917b |||||||| |||| 00| 0 eng d
024 _a220,594
037 _cTextual
040 _aARTS
_cARTS
_beng
041 _2eng
_aeng
082 _aV5:76.I<-D, P0
100 _aDuby Georges
245 0 _aArt and society in the middle ages
260 _aUK
_bPolity Press
_c2000
300 _a119p.
_ccm.
650 _aHISTORY
942 _hV5:76.I<-D, P0
_cTEXL
_2CC
999 _c277605
_d277605